ბათუმის შოთა რუსთაველის სახელმწიფო უნივერსიტეტის ბიბლიოთეკა

Металлические конструкции. (ბიბ.ჩანაწერი № 37279)

000 -LEADER
fixed length control field 00640nam a2200217Ia 4500
001 - CONTROL NUMBER
control field 3238
003 - CONTROL NUMBER IDENTIFIER
control field GE_BSU
008 - FIXED-LENGTH DATA ELEMENTS--GENERAL INFORMATION
fixed length control field 181216s||||||||xx |||||||||||||| ||und||
040 ## - CATALOGING SOURCE
Transcribing agency GE_BSU
080 ## - UNIVERSAL DECIMAL CLASSIFICATION NUMBER
Universal Decimal Classification number 624.014.042
100 ## - MAIN ENTRY--PERSONAL NAME
Personal name Тахтамышев,А.Г.
245 ## - TITLE STATEMENT
Title Металлические конструкции.
245 ## - TITLE STATEMENT
Statement of responsibility, etc. Ред. Ю.Ф.Бочарова.
250 ## - EDITION STATEMENT
Edition statement Изд второе, перераб. и дополненное.
260 ## - PUBLICATION, DISTRIBUTION, ETC.
Place of publication, distribution, etc. М.
260 ## - PUBLICATION, DISTRIBUTION, ETC.
Name of publisher, distributor, etc. Высшая школа.
260 ## - PUBLICATION, DISTRIBUTION, ETC.
Date of publication, distribution, etc. 1963.
300 ## - PHYSICAL DESCRIPTION
Extent 323 стр. 22 см.
653 ## - INDEX TERM--UNCONTROLLED
Uncontrolled term Металлические конструкции.
942 ## - ADDED ENTRY ELEMENTS (KOHA)
Koha item type წიგნი
ეგზემპლარები
Withdrawn status Lost status Damaged status Not for loan Date acquired Barcode Date last seen Price effective from Koha item type Public note
        2018-12-17 9870 2018-12-17 2018-12-17 წიგნი დარბაზი